000 00555nam a22002177a 4500
003 UA-OsUOA
001 41868
007 ta
008 20081110b un ||||| |||| 00| 0 ukr d
100 _aЯворський Павло
090 _a94(477).152 (К)
_bЯ22
942 _cBK
040 _aUA-OsUOA
_bukr
_cUA-OsUOA
_dUA-OsUOA
245 _aСтарими стежками
300 _a80 с.
955 _a4
041 _aukr
080 _a94(477).152 (К)
650 7 _a9 Географія. Біографії. Історія
_2UDC
999 _c440363
_d440363